Most Premier League hat tricks - Statistics

General Stats
  • This quiz has been taken 3,352 times
  • The average score is 12 of 21
Answer Stats
Goals Answer % Correct
11 Alan Shearer
97%
8 Thierry Henry
93%
6 Wayne Rooney
92%
8 Michael Owen
82%
9 Robbie Fowler
76%
6 Luis Suarez
75%
5 Andy Cole
73%
5 Robin Van Persie
73%
4 Dwight Yorke
64%
4 Fernando Torres
61%
5 Ruud Van Nistelrooy
59%
4 Matt Le tissier
52%
4 Teddy Sheringham
52%
5 Dimitar Berbatov
51%
5 Ian Wright
49%
4 Carlos Tevez
43%
4 Chris Sutton
41%
4 Jimmy Floyd Hasselbaink
30%
4 Yakubu
25%
4 Les Ferdinand
23%
4 Kevin Campbell
9%
No matching quizzes found
Score Distribution
Percent of People with Each Score
Percentile by Number Answered
Your Score History
You have not taken this quiz